[Event "Match 77__120'/40"]
[Site "Zürich"]
[Date "2024.??.??"]
[Round "11"]
[White "Super Forte C 6 MHz sel. 4"]
[Black "Mephisto Polgar sel. 5"]
[Result "0-1"]
[WhiteElo "2009"]
[BlackElo "1981"]
[Annotator "Utzinger,K"]
[PlyCount "189"]
[EventDate "2024.??.??"]
[SourceVersionDate "2024.04.21"]

{[%evp 0,189,19,31,23,-10,0,5,5,11,27,-7,-13,10,10,11,11,-10,51,20,9,6,12,-9,-7,-18,-4,-10,-3,5,30,23,30,-14,-6,-13,-6,-6,-11,-5,-1,-18,-2,-28,1,-4,-5,0,0,-9,8,-1,-8,-8,0,-13,-13,-15,0,0,0,0,0,0,0,-38,0,0,0,0,10,15,40,47,29,47,39,-23,-39,-98,-44,-44,-44,-29,-3,0,0,0,0,0,13,13,13,13,13,13,13,0,29,13,29,29,32,32,32,32,73,10,0,0,23,27,19,38,0,0,12,0,0,0,-116,-116,-116,-116,-116,-116,-116,-116,-116,-100,-122,-114,-110,-95,-88,-196,-196,-266,-226,-334,-507,-507,-507,-507,-507,-527,-527,-527,-527,-527,-527,-527,-527,-537,-547,-547,-537,-547,-547,-547,-547,-547,-557,-557,-577,-29965,-29970,-29971,-29972,-29973,-29978,-29979,-29980,-29981,-29980,-29983,-29982,-29983,-29984,-29985,-29986,-29987,-29988,-29989,-29988,-29989,-29990,-29991,-29992,-29993,-29994,-29995]} 1. d4 d5 {Match 120'/40 | Bediener: Rolf Bühler | 11. Partie: Schwarz (Polgar) gewinnt | Zwischenstand: 6,0-5,0 (54,5%) für Polgar; hypothetisch: 6,0-5,0 (54,5%) für Super Forte C | Eröffnung: Abgelehntes Damengambit, Ragosin Verteidigung | Buchzüge total: Super Forte C = 124 Mephisto Polgar = 114 | Mit Ausnahme einer gröberen und nicht bestraften Ungenauigkeit (35...Lb8) bewegt sich die Partie bis ins Endspiel im ausgeglichenen Bereich. Dann ist es aber der Super Forte C, der mit 58.Se5+ die Stärke seines Freibauern auf der g-Linie nicht berücksichtigt, so dass der Mephisto Polgar hätte gewinnen können, was er dann aber vermasselt. So geht das spannende Endspiel in die nächste Phase. Für einen schwarzen auf h2 vorgedrungenen Bauern muss der Super Forte C seinen Turm geben. Es entsteht bald eine ungewöhnliche Stellung. Mit beidseitig K+S stehen sich 3 weisse Freibauern einem schwarzen Turm gegenüber. Und in diesem Tempokampf strauchelt der Super Forte C, weil er nicht rechtzeitig seinen a-Bauern nach vorne schiebt. Deshalb bekommt der Mephisto Polgar die gegnerischen Freibauern in den Griff und holt sich noch einen unerwarteten Sieg.} 2. c4 e6 3. Nf3 Nf6 4. Nc3 Bb4 5. cxd5 exd5 6. Bg5 h6 {***ENDE BUCH***} 7. Bxf6 {***ENDE BUCH***} Qxf6 8. Qb3 {Andere übliche Alternativen sind 8.Da4+ oder 8.e3 und 8.Tc1.} Qb6 9. e3 {Das Schlagen des d5-Bauern macht dem Schwarzen keine Probleme.} (9. Qxd5 Be6 10. Qe4 Bxc3+ 11. bxc3 Qb2 12. Rd1 Qxc3+ 13. Rd2 Nc6) 9... c6 10. a3 Bd6 11. Qxb6 {Dieser Tausch, der dem Gegner die a-Linie öffnet und das Feld c5 unter Kontrolle nimmt, fällt eher zugunsten von Schwarz aus.} axb6 12. Bd3 Bg4 13. Nh4 {Kein optimaler Platz für den Springer.} Nd7 ({Mit} 13... g6 {hätte Schwarz das Springermanöver 13.Sd4 ad absurdum führen können.}) 14. Bf5 {Eher würde man 14.Sf5 erwarten.} Bh5 15. g4 Be7 {Angriff und Gegenangriff.} 16. Ng2 Bg6 17. Bxg6 fxg6 18. Nf4 Kf7 $11 {Die Stellung befindet sich im Gleichgewicht.} 19. Kd2 Rhe8 20. Rac1 b5 21. Nd3 Bd6 22. Ke2 Nb6 23. h4 Nc4 24. Kd1 b6 25. Rh3 {Dieses seltsam anmutende Manöver wird durch die Engines nicht kritisiert.} Kg8 {Mehr Sinn mach 25...Ke6 nebst ...Tf8.} 26. g5 Kh7 {Schwarz hat etwas den Faden verloren. Zweckmässig sieht 26...hxg5 27.hxg5 Kf7 aus mit der Idee, ...Th8 folgen zu lassen. In dieser Partiephase tun sich aber beide Programme schwer, einen Plan zu finden.} 27. Ke2 Re7 (27... Rf8 {ist auch hier besser, denn} 28. e4 {wäre ein Schlag ins Wasser} dxe4 29. Nxe4 Rae8 30. f3 h5 $15 {leichter Vorteil für Schwarz}) 28. Rf3 h5 29. Rc2 Rae8 30. Kd1 Ra7 31. Ke1 Ree7 32. Rc1 Ra8 33. Ke2 Rae8 34. Kd1 Re6 35. Rf7 $14 {Weiss hat sich leichten Vorteil erarbeiten können.} Bb8 $2 {Das ist die erste gröbere Ungenauigkeit in dieser Partie.} (35... Be7 36. Ke2 Kg8 37. Rf3 $14) 36. Ne2 $6 {Der Super Forte C macht keine Anstalten, den schwarzen Fauxpas auszunützen.} ({Nach} 36. Rb7 $1 Bd6 37. b3 $1 Nxe3+ {noch am besten} 38. fxe3 Rxe3 39. Kc2 Bxa3 40. Rd1 Bd6 41. Rxb6 Rc8 42. Rh1 $16) 36... Re4 $11 37. b3 {Taktisch in Ordnung. Wenn Weiss aber seine Bauernstellung am Damenflügel nicht schwächen will, war 37.Sef4 gut genug für den Ausgleich.} Na5 (37... Nxa3 $2 {verliert nach} 38. Rxc6 Rxh4 39. Nef4 Bxf4 40. Nxf4 Rxf4 41. Rxf4 b4 42. Rxb6 $18 {und gewinnt}) 38. Ndf4 Rd8 39. Ng3 Kg8 $6 (39... Ree8 $15) 40. Nxe4 Kxf7 $11 41. Nd2 $2 {Danach hätte Schwarz klar in Vorteil kommen können. Deshalb hätte der weisse Springer nach g3 zurückgehen sollen.} ({Light 26.3-avx2:} 41. Ng3 Bxf4 42. exf4 Nxb3 43. Rxc6 Nxd4 44. Rxb6 Rd7 45. Kc1 Ra7 46. Kb2 Ra4 47. Kc3 Nf5 48. Nxf5 gxf5 49. g6+ Ke7 50. Rb7+ Kf6 51. Rb6+ Ke7 {[%eval 0,44] [%wdl 3,994,3]}) 41... Bd6 (41... Bxf4 $1 42. exf4 Ke6 43. Ke2 Kd6 44. Rd1 Rf8 45. Ke3 Re8+ 46. Kf3 c5 $17 {deutlicher Vorteil für Schwarz}) 42. Nf3 {Auch 42.Sd3 ist eine gleichwertige Fortsetzung.} (42. Nd3 Bxa3 43. Ra1 Bd6 44. b4 Nc4 45. Ra7+ Kf8 46. Nf3 $11 {ausgeglichen, denn der schwarze Mehrbauer ist wegen des Doppelbauern auf der g-Linie bedeutungslos.}) 42... Bxf4 43. exf4 Ke6 44. Ne5 c5 ({Oder} 44... Rc8 45. Rc3 Kf5 46. Ke2 c5 $11) 45. dxc5 Nxb3 46. Rb1 Nxc5 47. Rxb5 Rd6 48. Nxg6 {Nun besitzt Weiss einen Bauern mehr. Dieser wird jedoch aufgewogen durch den starken Freibauern auf der d-Linie.} Ne4 49. Ke1 Nc3 50. Rb4 d4 51. Ne5 Kf5 $11 52. Nc4 Rd8 53. Rxb6 Kxf4 54. Rb7 Kg4 55. Rxg7 Kxh4 56. f4 Kg4 $11 {Noch immer steht es ausgeglichen, trotz schwarzem Minusbauer. Das liegt an den beiden Freibauern und dem aktiven König.} 57. Rf7 h4 {[#]} 58. Ne5+ {[%mdl 2] Verlustzug von Super Forte C, weil nun Schwarz seinen König mit Tempo nach vorne bringen und seinen h-Bauer kräftig unterstützen kann. Richtig wäre es gewesen, den eigenen Freibauern mit 58.g6 in Bewegung zu setzen.} Kg3 59. Nc6 Re8+ 60. Kd2 Ne4+ {Trifft die falsche Wahl und vergibt den möglichen Gewinn.} (60... h3 61. Rh7 h2 62. Nxd4 Ne4+ 63. Kc2 Kg2 64. Nf5 h1=Q 65. Rxh1 Kxh1 $19 {und gewinnt}) 61. Kd3 Nf2+ 62. Kxd4 h3 $11 {Das kommt nun zu spät, wie die Folge zeigt.} 63. Rh7 h2 {droht ...Sh3 nebst Umwandlung} 64. Rxh2 {erzwungen} Kxh2 65. f5 {Nun ist eine seltene Konstellation entstanden. Für seinen Turm hat Weiss nur 3 Bauern, die aber so gut stehen, dass sie das Remis sichern.} Ne4 66. g6 Kg3 {[#]} 67. Kd3 $2 $19 {[%mdl 2] Erneut stolpert der Super Forte C in den Verlust, weil er nicht an seinen starken Freibauern auf der a-Linie denkt. Dessen Vormarsch hätte gerade noch zum Remis gereicht.} (67. a4 Kf4 68. a5 Kxf5 69. g7 Kg6 70. g8=Q+ Rxg8 71. Ne7+ Kg7 $1 (71... Kf7 $2 {verliert wie folgt, weil der weisse Springer über h6 entwischen kann.} 72. Nxg8 Nd6 73. Kd5 Nc8 74. Nh6+ Ke7 75. Kc6 Ke6 76. a6 Na7+ 77. Kb7 Nb5 78. Ng4 Kd5 79. Nf6+ Kc5 80. Ne8 $1 Kb4 81. Kb6 Kc4 82. Nc7 Nd6 83. Kc6 Nc8 84. Kb7 Nd6+ 85. Kb8 $18) 72. Nxg8 Nd6 73. Kd5 Nc8 74. Kc6 Kxg8 75. Kc7 Na7 $11 {Remis}) 67... Kf4 68. g7 Nf6 69. Nd4 Re3+ 70. Kc4 Rxa3 71. Kc5 Ra7 72. Kb6 Rd7 (72... Rxg7 $2 73. Ne6+ Kxf5 74. Nxg7+ Ke4 $11) 73. Kc5 Ke5 {Nach dem Wegzug des doppelt angegriffenen Sd4 geht der f5-Bauer verloren.} 74. Nf3+ Kxf5 75. Nd4+ Ke4 76. Nc6 Rxg7 {Schwarz hat einen ganzen Turm mehr. Der Rest bedarf keiner Kommentare mehr. Dass der Mephisto Polgar nicht den kürzesten Gewinnweg wählt, ist verständlich wie verzeihlich.} 77. Kd6 Nd5 (77... Ne8+ 78. Ke6 Rg6+ 79. Kd7 Rd6+ 80. Kxe8 Rxc6 81. Kd7 Rh6 82. Ke7 Kd5 83. Kf7 Ke5 84. Kg7 Rf6 85. Kh7 Kf5 86. Kg7 Kg5 87. Kh7 Rf7+ 88. Kh8 Kg6 89. Kg8 Rf1 90. Kh8 Rf8#) 78. Kc5 Rh7 79. Kd6 Nf4 80. Nb4 Rh6+ 81. Kc5 Nd3+ 82. Nxd3 Kxd3 83. Kd5 Rh5+ 84. Kd6 Ke4 85. Kc6 Kd4 86. Kd6 Rh6+ 87. Ke7 Ke5 88. Kd7 Rg6 89. Kc7 Kd5 90. Kd7 Rg7+ 91. Ke8 Ra7 92. Kd8 Ke6 93. Kc8 Kd6 94. Kb8 Rc7 95. Ka8 {***AUFGEGEBEN***} 0-1

[Event "Match 77__120'/40"]
[Site "Zürich"]
[Date "2024.??.??"]
[Round "12"]
[White "Mephisto Polgar sel. 5"]
[Black "Super Forte C 6 MHz sel. 4"]
[Result "1/2-1/2"]
[WhiteElo "1981"]
[BlackElo "2009"]
[Annotator "Utzinger,K"]
[PlyCount "133"]
[EventDate "2024.??.??"]
[SourceVersionDate "2024.04.21"]

{[%evp 0,133,37,27,29,0,40,40,54,64,42,56,56,56,58,47,50,43,63,55,44,16,45,49,44,44,32,48,54,56,50,50,53,18,22,25,65,72,71,81,59,61,81,76,80,81,102,88,84,122,117,83,107,69,81,68,65,76,113,117,173,167,170,175,196,145,161,161,161,173,177,138,114,95,106,100,100,98,99,-21,-9,-1,-44,-43,-18,-17,-40,-105,-91,-100,-74,-70,-72,-90,-80,-80,-80,-80,-101,-113,-8,-5,-7,-9,-5,-9,0,0,0,0,0,0,0,0,0,0,0,0,0,0,0,0,0,0,0,0,0,0,0,0,0,0,0,0,0,0]} 1. d4 Nf6 {Match 120'/40 | Bediener: Rolf Bühler | 12. Partie: Remis | Zwischenstand: 6,5-5,5 (54,1%) für Polgar; hypothetisch: 6,0-6,0 (50%) Gleichstand | Eröffnung: Grünfeldindisch, Tausch Variante | Buchzüge total: Super Forte C = 136 Mephisto Polgar = 129 | Nach ausgeglichener Eröffnung werden bald einmal die Damen getauscht. Nach dem ungünstigen Turmzug 23...Td6 kann Weiss (Polgar) mit dem Zentrumsdurchbruch 24.d5 praktisch die Entscheidung erzwingen. Weiss wickelt jedoch falsch ab und vergibt den Vorteil. Aber bereits wenige Züge später gerät der Super Forte C erneut in eine verlorene Stellung. Leider muss sich das Programm von Ed Schröder am Ende mit Remis zufriedengeben. Dies deshalb, weil er die Gelegenheit verpasst, den gegnerischen Springer völlig kaltzustellen und diese Leichtfigur wieder ins Spiel eingreifen lässt.} 2. c4 g6 3. Nc3 d5 4. Nf3 Bg7 5. cxd5 Nxd5 6. e4 Nxc3 7. bxc3 c5 8. Be3 Qa5 9. Qd2 O-O 10. Rc1 cxd4 11. cxd4 Qxd2+ 12. Nxd2 e6 {***ENDE BUCH***} 13. Nb3 Rd8 14. Bg5 f6 15. Be3 {***ENDE BUCH***} Bf8 $11 {Die Stellung befindet sich im Gleichgewicht. Weiss hat die Überlegenheit im Zentrum, Schwarz dafür die Bauernmehrheit am Damenflügel.} 16. Bb5 {Nicht übel, wenngleich 16.Lc4 die übliche Fortsetzung ist.} (16. Bc4 Nc6 17. O-O Bd7 18. f4 Kg7 19. Rfd1 Ba3 20. Nc5 Bxc1 21. Rxc1 Bc8 22. Nxe6+ Bxe6 23. Bxe6 Rxd4 24. Bxd4 Nxd4 25. Rc7+ Kh6 26. Bc4 Re8 27. g3 Rxe4 28. Bg8 g5 29. fxg5+ Kxg5 30. Rg7+ Kh5 31. Kf1 Re2 32. Rxb7 Rd2 33. Rxh7+ Kg4 34. Rh4+ Kf3 35. Bd5+ Ke3 36. Re4+ Kd3 37. Rf4 Rxh2 38. Rxf6 Ne2 39. g4 Nc3 40. Bg2 Nxa2 41. Kf2 Nc3 42. Kg3 Rh7 43. g5 a5 44. Ra6 a4 45. g6 Rg7 46. Kg4 a3 47. Kg5 a2 48. Kf6 Rxg6+ 49. Kxg6 Kc4 50. Kf5 Kb3 {½-½ (50) Galanov,S (2585)-Schwenck,M (2503) ICCF email 2010}) 16... a6 17. Be2 Nc6 {Die Alternativen 17...Lb4+ und 17...La3 sind eine Spur genauer.} 18. O-O Nb4 19. a3 Nc6 20. a4 Bd7 21. Nc5 {Rein optisch vermag Weiss leicht besser zu gefallen.} Bxc5 {Richtig, der Riesenspringer muss verschwinden.} 22. Rxc5 Be8 23. Rd1 {[#]} Rd6 $2 {Hier verdiente 23...Tac8 klar den Vorzug. Nun kann Weiss die Initiative ergreifen und in Richtung Sieg schreiten.} 24. d5 $1 exd5 25. Rcxd5 $2 {So geht der grösste Teil des weissen Vorteils verloren. Bei der richtigen Fortsetzung 25.exd5 zeigt Light 26.3-avx2 die Bewertung +- (2.13) 100% (+100% =0% -0%) an, d.h. Weiss gewinnt.} ({Light 26.3-avx2:} 25. exd5 Rad8 26. Rb1 Ne7 27. Bf4 Rxd5 28. Bc4 Bc6 29. h4 Kg7 30. Bxd5 Nxd5 31. Rd1 h6 32. a5 g5 33. Bc7 Rd7 34. h5 Kf7 35. f3 Ke6 36. Bb8 Rd8 37. Bh2 Ra8 38. Re1+ Kf7 39. Kf2 Rd8 40. Rd1 Rd7 41. Bg3 Rd8 42. Rd2 Ke6 43. Rc1 Kf7 44. Re1 Rd7 45. Bh2 Rd8 46. Rd4 Rc8 47. g4 Rg8 48. Red1 Ke6 49. f4 gxf4 50. Bxf4 Nxf4 51. Rxf4 Rg5 52. Kg3 Ke7 53. Re1+ Kf7 54. Ref1 {[%eval 213,38] [%wdl 996,4,0]}) 25... Re6 $6 {Turmtausch ist genauer.} (25... Rxd5 $1 26. exd5 Ne5 27. f4 Nf7 28. a5 Nd6 29. Bc5 Ne4 30. Bb4 Rc8 31. d6 Bd7 $14 {mit nur geringem Vorteil für Weiss.}) 26. Bc4 Kg7 {Raus aus der gefährlichen Diagonale a2-g8.} 27. f3 Ne5 28. Bb3 {[#]} Bc6 $2 $18 {[%mdl 2] Schwarz stolpert wieder in eine verlorene Stellung.} (28... Rc8 29. Bd4 h5 30. Kf2 Re7 31. Rd6 g5 32. a5 $14 {mit nur leichtem Plus für Weiss.}) 29. f4 {Das ist der Todesstoss für Schwarz.} Nf7 30. Rd7 $1 {Stark gespielt.} Bxd7 31. Rxd7 Rae8 {Es gibt keine Rettung mehr.} (31... Rxe4 32. Rxf7+ Kh6 33. Bd2 $18) 32. Bc5 (32. Rxf7+ {gewinnt einfacher} Kxf7 33. f5 gxf5 34. exf5 Rd8 35. a5 Ke8 36. Bxe6 $18) 32... b6 33. Bb4 f5 34. e5 h6 35. Bxe6 Rxe6 36. Re7 Rxe7 37. Bxe7 {Obwohl es materiell gleich steht und Schwarz die Bauernmehrheit am Damenflügel hat, ist diese Stellung für Weiss gewonnen. Der Grund liegt an der arg eingeschränkten Bewegungsfreiheit der schwarzen Figuren und dem weit vorgerückten Freibauern auf e5 und ganz allgemein den aktiven weissen Figuren.} h5 (37... g5 $2 {funktioniert leider nicht} 38. e6 Nh8 39. fxg5 hxg5 40. Bxg5 $18) (37... Nh8 {erlaubt Weiss, in ein gewonnenes Bauernendspiel abzuwickeln.} 38. Bf6+ Kg8 39. Bxh8 Kxh8 40. h4 Kg7 41. Kf2 Kf7 (41... b5 42. axb5 axb5 43. Ke3 Kf7 44. Kd4 Ke6 45. Kc5 g5 46. g3 $18) 42. Ke3 Ke6 43. Kd4 h5 44. Kc4 Ke7 45. Kd5 Kd7 46. g3 a5 47. e6+ Ke7 48. Kc6 Kxe6 49. Kxb6 Kd6 50. Kxa5 Kc5 51. Ka6 Kc6 52. a5 Kc7 53. Kb5 $18) 38. Kf2 Nh6 $18 {[#]} 39. Bd6 $4 {Vermasselt seine klare Gewinnstellung. Dabei musste der Mephisto Polgar einzig dem gegnerischen Springer das Feld g4 mit h2-h3 wegnehmen. Dann bleibt der Springer weiterhin vom Spiel ausgeschlossen und wenn er auf dunkle Felder zu stehen kommt, wird er abgetauscht. Hernach ist das Bauernendspiel für Weiss leicht gewonnen wegen seines gedeckten Freibauern e5.} (39. h3 Kf7 (39... Nf7 40. Ke3 $18) (39... Ng8 40. Bg5 {und weiterhin bleibt der schwarze Springer eingeschlossen} Kf7 41. Ke3 Ne7 42. Bxe7 Kxe7 43. h4 $18 {und das Bauernendspiel ist für Schwarz verloren.}) 40. Bg5 {zwingt den Springer ins "Gefängnis"} Ng8 41. Ke3 Ne7 (41... Ke6 42. Kd4 Kd7 43. Kd5 $18) 42. Bxe7 $1 Kxe7 43. h4 Kf7 44. Kd3 Kf8 45. Kd4 Ke7 46. Kd5 Kd7 47. g3 a5 48. e6+ Ke7 49. Kc6 Kxe6 50. Kxb6 Kd5 51. Kxa5 Kc5 52. Ka6 Kc6 53. a5 Kc7 54. Kb5 Kb7 55. Kc5 Ka6 56. Kb4 Ka7 57. Kb5 Kb7 58. a6+ Ka7 59. Ka5 Ka8 60. Kb6 Kb8 61. a7+ Ka8 62. Ka6 g5 63. fxg5 f4 64. g6 f3 65. g7 f2 66. g8=Q#) (39. h3 Kf7 40. Bg5 Ng8 41. Ke3 Ne7 42. Bxe7 Kxe7 43. h4 Kf7 44. Kd3 (44. Kd4) 44... Kf8 45. Kd4 Ke7 46. Kd5 Kd7 47. g3 a5 48. e6+ Ke7 49. Kc6 Kxe6 50. Kxb6 Kd5 51. Kxa5 Ke4 52. Kb5 Kf3 53. a5 Kxg3 54. a6 Kxh4 55. a7 Kg4 56. a8=Q $18) 39... Ng4+ 40. Kg3 Ne3 {Jetzt entwischt der Springer und von weissem Gewinn kann keine Rede mehr sein.} 41. Kf3 Nd5 42. Ba3 Nc3 43. Bb4 $2 {Nun geht der a4-Bauer in die Binsen und es ist gar Weiss, der in eine verlorene Stellung gerät.} Nxa4 44. Ke3 Kf7 45. Kd3 Ke6 46. Kc4 b5+ 47. Kd4 Nb6 48. g3 Nd5 49. Ba5 g5 $2 {Ein schwer verständlicher Zug: Schwarz gibt dem Gegner freiwillig einen (Frei-)Bauern und macht so seine Gewinnstellung kaputt.} (49... h4 $1 {und Schwarz bleibt auf dem Gewinnpfad, der indessen für einen Oldie alles andere als einfach zu nennen ist.} 50. Bd2 h3 51. Kc5 g5 52. fxg5 Kxe5 53. g6 Nf6 54. Kb6 (54. g7 Ke6 55. Bc3 Ne4+ 56. Kb6 Kf7 57. Be1 Kxg7 58. Kxa6 Nf6 59. Bf2 Ng4) 54... Ke6 55. Be3) 50. fxg5 Ne7 51. Kc5 Kxe5 52. Kb6 Kd5 53. Bb4 Ng6 54. Kxa6 Kc4 55. Ka5 f4 56. gxf4 Nxf4 57. Bd6 Ng6 58. Ba3 h4 59. h3 Ne5 60. Bd6 Ng6 61. Ba3 Nh8 62. Be7 Ng6 63. Bd6 Kd5 64. Bb4 Kc4 65. Bd6 Kd5 66. Ba3 Kc4 67. Bd6 {***3x REMIS***} 1/2-1/2